The Shock Switch Experiment Logic Puzzle Quiz Stats

 Plays Quiz Updated Oct 30, 2018

Challenge
Share
Tweet
Score 0/25 Timer 20:00
4 Plays Today
Hint Answer % Correct


Amoral
Amy


???
100%


Killer
Kirsten


???
64.7%


Evil
Evelyn


???
55.4%


Vicious
Vincent


???
46.9%


Outlaw
Omar


???
42%


Judy
Judas


???
41.3%


Unethical
Umberto


???
40.1%


Inhuman
Ingrid


???
39.8%


Zombie
Zosia


???
39.6%


Yucky
Yaakov


???
31.7%


Bloody
Blake


???
27.8%


Grungy
Greg


???
24.5%


Frightening
Frank


???
23.6%
Hint Answer % Correct


Licentious
Larry


???
23.3%


Rude
Rudy


???
21.2%


Wicked
Winston


???
20.9%


Pernicious
Percy


???
20.3%


Terrible
Terrance


???
19.8%


Deranged
Derek


???
19.6%


Murderin'
Murphy


???
18%


Noxious
Norah


???
15.8%


Carnivorous
Carl


???
15.5%


Hellish
Helen


???
15.1%


Scumbag
Steve


???
13.4%



Mr. X


???
13.3%

You're not logged in!

Compare scores with friends on all Sporcle quizzes.
OR
Log In

You Might Also Like...

Show Comments

Extras

Top Quizzes Today


Score Distribution

Your Account Isn't Verified!

In order to create a playlist on Sporcle, you need to verify the email address you used during registration. Go to your Sporcle Settings to finish the process.

Report this User

Report this user for behavior that violates our Community Guidelines.

Details: